000 02021nam a2200241Ia 4500
003 Ost
005 20260507075322.0
008 260507s9999||||xx |||||||||||||| ||und||
020 _a48380799579
040 _cfsecg
041 _aara
082 _a658.4052
100 _aعامر، سامح عبد المطلب
_eمؤلف
245 0 _aإدارة التفاوض /
_c سامح عبد المطلب عامر
260 _aعمان:
_bدار الفكر للنشر والتوزيع,
_c2011
300 _a479 صفحة؛
_bإيضاحات ؛
_c25 سم
504 _aكشاف مصطلحات باللغة الانجليزية ص.459 ببليوغرافيا: ص.437
520 _aمدخل إلى التفاوض، التفاوض الجماعي و الاجتماعي في ضوء العلاقة بين المنظمة و المجتمع، التفاوض و حل الصراعات داخل المنظمة، التفاوض في اتخاذ القرارات و حل المشكلات، التفاوض و حل المشكلات الادارية داخل المنظمة، نظم المعلومات التفاوضية، الادارة المعلوماتية في عملية التفاوض، التعاقدات و الادارة التفاوضية، التفاوض مع الجهات الخارجية، التفاوض في عمليات الشراء، التفاوض و عمليات البيع و كسب و استثمار العملاء، استراتيجية الحصول على الموافقة رغم تضارب المصالح ، القيادة التفاوضية قيادة فريق العمل ( التفاوض المقاد) ، متطلبات التفاوض في ضوء العولمة، التفاوض على المستوى الدولي و المعاملات الدولية، ادارة التفاوض في العلاقات الدولية (رؤية قانونية )
653 _aإدارة الأفراد
653 _aالمفاوضات
700 _aسيد قنديل، علاء محمد
_eمؤلف ثانوي
942 _cكتاب
999 _c43931
_d43931